01171nam a2200253 a 450000100060000000300080000600500170001400800390003103500190007003500190008904000270010804100080013508200210014310000340016424501190019826000570031730000260037450000660040050400510046650502690051765000720078665000300085865000290088831414BD-RjUL20211209051710.0140415s1940 mdu b 001 0 eng a(BD-RjUL)31501 a(OCoLC)1147575 aDLCcAKRdBD-RjULbeng aeng00a809.91bCOC 19401 aCollins, Joseph Burns,d1897-10aChristian mysticism in the Elizabethan age :bwith its background in mystical methodology /cby Joseph B. Collins. aBaltimore :bJohns Hopkins University Press,cc1940. axiv, 251 p. ;c24 cm. aIssued also as thesis (PH. D.) Johns Hopkins University, 1934 aIncludes bibliographical references and index.0 apt. I. The method of mysticism.--pt. II. Mystical literature of foreign origin in the Elizabethan age.--pt. III. Christian mysticism in native English writers.--Conclusion: Elizabethan mysticism.--Appendix: Mystical works in English, 1500-1600 (p. 235-240).--Index 0aEnglish literatureyEarly modern, 1500-1700xHistory and criticism. 0aMysticismzGreat Britain. 0aMysticism in literature.